Venomous snakes of Alabama - Statistics

General Stats
  • This quiz has been taken 17 times
  • The average score is 5 of 6
Answer Stats
Hint Answer % Correct
kinder than its western varient Eastern Diamondback Rattlesnake
93%
banded noisemaker Timber Rattlesnake
93%
named for white mouth Cottonmouth
87%
named for the coloration of its head Copperhead
73%
red on yellow will kill a fellow Eastern Coral Snake
73%
small noisemaker Pygmy Rattlesnake
73%
No matching quizzes found
Score Distribution
Percent of People with Each Score
Percentile by Number Answered
Your Score History
You have not taken this quiz